Ecología y etnobotánica de plantas útiles de la Región Andina (Registro nro. 6130)

Detalles MARC
000 -CABECERA
Campo de control 00888nam a2200205 a 4500
090 ## - CLASIFICACIÓN LOCAL
Colección IAVH
Consecutivo 00625
041 ## - IDIOMA
Código de idioma para texto/pista de sonido o título separado Español
100 ## - ASIENTO PRINCIPAL--NOMBRE PERSONAL
Nombre personal Arango Caro, Sandra
245 ## - MENCION DE TITULO
Título Ecología y etnobotánica de plantas útiles de la Región Andina
260 ## - PUBLICACION, DISTRIBUCION, ETC. (PIE DE IMPRENTA)
Lugar de publicación, distribución, etc. Bogota
Nombre del editor, distribuidor, etc. Instituto Alexander von Humboldt
Fecha de publicación, distribución, etc. 2005
300 ## - DESCRIPCION FISICA
Extensión 11 p.
520 ## - NOTA DE RESUMEN, ETC.
Nota de resumen Se compiló y sistematizó la información secundaria sobre la ecología y etnobotánica de especies seleccionadas de la región andina, de interés para los planes de uso sostenible y para implementar herramientas de manejo del paisaje como cercos vivos, corredores biológicos y otras.
650 ## - ASIENTO SECUNDARIO DE MATERIA - TERMINO TEMATICO
Término temático o nombre geográfico como elemento de entrada Ecología
650 ## - ASIENTO SECUNDARIO DE MATERIA - TERMINO TEMATICO
Término temático o nombre geográfico como elemento de entrada Etnobotánica
650 ## - ASIENTO SECUNDARIO DE MATERIA - TERMINO TEMATICO
Término temático o nombre geográfico como elemento de entrada Uso sostenible
650 ## - ASIENTO SECUNDARIO DE MATERIA - TERMINO TEMATICO
Término temático o nombre geográfico como elemento de entrada Herramientas de Manejo del Paisaje
650 ## - ASIENTO SECUNDARIO DE MATERIA - TERMINO TEMATICO
Término temático o nombre geográfico como elemento de entrada Cercos vivos
650 ## - ASIENTO SECUNDARIO DE MATERIA - TERMINO TEMATICO
Término temático o nombre geográfico como elemento de entrada Corredores biológicos
945 ## - PROCESAMIENTO LOCAL
AAAA-MM-DD - Fecha de ingreso o modificacion 2007-08-16

No hay ítems disponibles.